Glosario estructurado de terminos sobre pasturas y producción animal: español portugués

Guardado en:
Detalles Bibliográficos
Autores principales: Berreta, Elbio J (Autor), Nascimento, Domicio do (Autor)
Formato: Libro
Lenguaje:español
portugués
Publicado: Montevideo IICA 1991
Colección:Díalogo, 32
Materias:
Etiquetas: Agregar Etiqueta
Sin Etiquetas, Sea el primero en etiquetar este registro!

MARC

LEADER 00000nam a2200000 a 4500
001 UCQ6796
003 CL-VaPUC
008 981023e19910000UY |||||||||||||||||spa|d
041 0 7 |a spa  |2 CL-VaPUC 
041 0 7 |a por  |2 CL-VaPUC 
082 0 4 |a 591.13  |b BER  |2 21 
100 0 |a Berreta, Elbio J  |e author  |9 420709 
700 0 |a Nascimento, Domicio do  |e author  |9 420710 
245 1 0 |a Glosario estructurado de terminos sobre pasturas y producción animal: español portugués 
300 |a 126 p 
942 |c BK 
945 |d 19981023 00:00:00  |a mvenant 
260 |a Montevideo  |b IICA  |c 1991 
650 0 |a Pastizales  |9 352003 
650 0 |a Producción agropecuaria  |9 411210 
650 0 |a Nutrición animal  |9 389503 
650 0 |a Diccionarios  |9 256200 
583 |a last modification  |c 19981023 00:00:00  |k Rodrigo Vera 
490 0 |a Díalogo, 32 
999 |c 276705  |d 276703